Statistics for Top Iron Ore Producing Countries

Click here to take the quiz!

General Stats

  • This quiz has been taken 335 times
  • The average score is 15 of 20

Answer Stats

# Thousands of Tonnes Country % Correct
11,320,000China
99%
3398,000Brazil
98%
852,000United States
98%
5102,000Russia
97%
4150,000India
95%
2530,000Australia
95%
940,000Canada
93%
1414,482Mexico
91%
767,000South Africa
86%
1512,624Chile
83%
680,000Ukraine
79%
1037,000Iran
76%
1710,459Peru
75%
204,500Turkey
73%
1325,000Kazakhstan
70%
1130,000Venezuela
62%
1226,000Sweden
57%
187,696Malaysia
45%
195,300North Korea
21%
1612,000Mauritania
10%

Score Distribution

Percentile by Number Answered

Percent of People with Each Score

Your Score History

You have not taken this quiz